El infarto al corazón : (Record no. 22512)

000 -CABECERA
fixed length control field 00756nam a22002057a 4500
003 - IDENTIFICADOR DEL NÚMERO DE CONTROL
control field AR-CdUCM
008 - DATOS DE LONGITUD FIJA--INFORMACIÓN GENERAL
fixed length control field 190319b ||||| |||| 00| 0 spa d
020 ## - NÚMERO INTERNACIONAL ESTÁNDAR DEL LIBRO
ISBN 9786124242182
040 ## - FUENTE DE LA CATALOGACIÓN
Agencia/entidad que catalogó originalmente la obra MUNICIPALIDAD PROVINCIAL DEL CUSCO
Entidad que transcribió la catalogación BIBLIOTECA MUNICIPAL DEL CUSCO
082 ## - NÚMERO DE LA CLASIFICACIÓN DECIMAL DEWEY
No. de Clasificación 616.123705/S18
Notacion interna S18
100 ## - ENTRADA PRINCIPAL--NOMBRE DE PERSONA
Nombre Personal Salazar Cáceres, Pedro Martín
245 ## - MENCIÓN DE TÍTULO
Título El infarto al corazón :
Resto del título qué sabemos y cómo prevenirlo /
Mención de responsabilidad Pedro Marín Salazar C.
260 ## - PUBLICACIÓN, DISTRIBUCIÓN, ETC.
Lugar de publicación, distribución, etc. Lima :
Nombre de la editorial, distribuidor, etc. Universidad Peruana Cayetano Heredia,
Fecha de publicación, distribución, etc. 2020.
300 ## - DESCRIPCIÓN FÍSICA
Nº de Páginas Extensión 121 páginas. :
Otros detalles físicos ilustraciones en color ;
Dimensiones 17 cm.
650 ## - PUNTO DE ACCESO ADICIONAL DE MATERIA--TÉRMINO DE MATERIA
Descriptor Infarto del miocardio
9 (RLIN) 48385
650 ## - PUNTO DE ACCESO ADICIONAL DE MATERIA--TÉRMINO DE MATERIA
Descriptor Prevención
9 (RLIN) 9797
710 ## - PUNTO DE ACCESO ADICIONAL--NOMBRE DE ENTIDAD CORPORATIVA
Nombre corporativo (En letras Mayúsculas) Universidad Peruana Cayetano Heredia
9 (RLIN) 48263
942 ## - ELEMENTOS DE PUNTO DE ACCESO ADICIONAL (KOHA)
Fuente de clasificación
Tipo de item Libros-BMC
945 ## - PROCESAMIENTO DE INFORMACIÓN LOCAL (OCLC)
Catalogador rac
Holdings
Estado de retiro (separado) Fuente de clasificación o esquema de estanterías Estado dañado Ubicación Sala donde se ubica Nombre de la colección Fecha de adquisición o compra Fuente de adquisición Costo, precio normal en soles Signatura topográfica Código de Barras Última vez visto (Koha) Tipo de ítem (Koha)
No     Sala Ciencias Sala Ciencias Book Cart 2022-09-12 Donación 20.00 616.123705/S18/2020 SC0000002355 2022-09-12 Libros-BMC
No     Sala Ciencias Sala Ciencias Book Cart 2022-09-12 Donación 20.00 616.123705/S18/e.2/2020 SC0000002356 2022-09-12 Libros-BMC

Powered by Koha